00616nam a2200169 a 4500008004100000020001500041050001400056100002300070245003700093260003300130300002100163350000900184650001400193995009200207999001700299952013000316120416s1990 ||||||||||||||||| || u a0070600112 aHB 76 Spe aSpechler, Martin C10aPerspectives in economic thought aNew York:bMcGraw-Hillc1990 axii, 277p. : ill a0.00 0aECONOMICS D0.00FCBU-MAIN LIBRARY (Kitwe)H1I0.00UAVAILABLEZMain Library Open Access Collection c53422d53422 00102lcc4070a001b001cMain Library Open Access Collectiond2022-11-30l0oHB 76 Spep001807r2022-11-30w2022-11-30y002